000 00640cam a2200229 4500
001 J436
008 090401t1991 xxu||||| |||| 00| 0 eng d
035 _a(Sirsi) u74963
041 _aeng
050 _a711.409421
110 _aHealey and Baker
_91907
245 4 _aThe London lecture. - Issue 1 (December 1991)
260 _aLondon
_bHealey & Baker
_c1991
300 _a5p. ; 30cm.
350 _a0
520 _aBriefing following the London Lecture given at LWT by Michael Heseltine on 12th December 1991.
650 _aDEVELOPMENT
650 _aPLANNING
690 _aECONOMIC AND SOCIAL
942 _n0
948 _c04/03/1997
999 _c95945
_d95945